000 01213cad a22002535a 4500
001 L158544
008 090309s2009 xxk f 000 0 eng d
020 _a9781842195444
035 _a(Sirsi) u158544
041 0 _aeng
050 0 4 _218
110 2 _aRoyal Institution of Chartered Surveyors
_94900
245 0 0 _aEnergy from waste
_h[electronic resource]
260 _aLondon
_bRICS
_c2009
490 0 _aRICS Information Paper
520 _aDeals with the resurgence of interest in energy from waste. It highlights issues, provides an update on legislation, government policy and the interests of responsible bodies. An explanation of technologies is given, both current and emerging, and how they might help meet the requirements of the renewables energy sector. It concludes with five case studies from locations around the UK.
520 _aOUT OF DATE ARCHIVED 23 DECEMBER 2016
590 _aKA
650 _aRENEWABLE ENERGY
651 4 _aUnited Kingdom
_y
690 _aRenewables
_96265
856 4 0 _uhttps://www.rics.org/Global/Downloads/Energy_from_waste_1st_edition_PGguidance_2009.pdf
_zView the information paper free of charge (RICS member only content) at www.rics.org...
942 _n0
999 _c115370
_d115370